Statistics for Japanese Vocab - #2

Click here to take the quiz!

General Stats

  • This quiz has been taken 23 times
  • The average score is 9 of 20

Answer Stats

日本語romaji% Correct
しびれるshibireru
89%
ふりするfurisuru
88%
かぶるkaburu
88%
ギリギリgirigiri
75%
理想risou
50%
出会いdeai
44%
辛いkarai
44%
仲良くnakayoku
44%
落ち着くochitsuku
44%
体験taiken
44%
事件jiken
33%
決定kettei
33%
告白kokuhaku
33%
誘うsasou
33%
印象inshou
25%
一応ichiou
22%
失恋shitsuren
22%
hatsu
0%
道案内michiannai
0%
怯えるobieru
0%
敷蒲団shikibuton
0%

Score Distribution

Percentile by Number Answered

Percent of People with Each Score

Your Score History

You have not taken this quiz